LEADER 01327nam a2200289 i 4500 001 000000128120 003 CaOOAMICUS 005 20040715000000.0 008 040715s1973 it u000 u ita u 013 $a100839 040 $aSeMil$bita 100 1 $aMossé, Claude.$0(OLS)http://semarc/name/53332 245 13$aLe dottrine politiche in Grecia /$cil testo di Claude Mossé e i confronti antologici da Th. A. Sinclair ... [et al.] ; a cura di Enrico De Mas. 260 $aMessina ; Firenze :$bD'Anna,$c1973. 300 $a188 p. ;$c21 cm. 490 0 $aTangenti : proposte e verifiche culturali ;$v1 500 $aContiene : Note esplicative ; Bibliografia. 650 4$aFilosofia greca.$0(OLS)http://semarc/subject/357 650 4$aPolitica - Teorie - Storia.$0(OLS)http://semarc/subject/1043 700 1 $aDe Mas, Enrico <1926->.$0(OLS)http://semarc/name/5551 700 1 $aSinclair, Thomas Alan.$0(OLS)http://semarc/name/53333 830 0$aTangenti ;$v1.$0(OLS)http://semarc/title/10577 850 $aSeMil 852 $aSeMil$W1$xVenegono$y1$m100 7 1 *$j82352$B82352$CSeMilBibl$Z2$F84642 $81 961 $aRecupero: Biblioteca Seminario Liceale 996 $6245$aLe dottrine politiche in Grecia$9(OLS)http://semarc/title/189293 996 $6260$aMessina ; Firenze :$bD'Anna$9(OLS)http://semarc/publisher/30286 LEADER 01848nam a2200253 i 4500 001 000000012359 003 CaOOAMICUS 005 20180830125441.0 008 180830s1959 it u000 u ita u 040 $aSeMil$bita 245 10$aLarius :$bla città ed il Lago di Como nelle descrizioni e nelle immagini dall'antichità classica all'età romantica /$cantologia diretta da Gianfranco Miglio. 260 $aMilano :$bEdizioni Luigi Alfieri,$c1959-1966. 300 $a5 v. ;$c36 cm. 650 4$aComo.$0(OLS)http://semarc/subject/2032 650 4$aLago di Como.$0(OLS)http://semarc/subject/2033 700 1 $aMiglio, Gianfranco <1918-2001>.$0(OLS)http://semarc/name/5904 773 0 $tAbduana tellus.$d[Como] : Società Storica Comense, [19--]?.$w()12360 774 0 $tDalle Origini alla fine del Seicento.$kAbduana tellus : corona di descrizioni antiche e moderne delterritorio comasco$gTomo1$w()130639 774 0 $tSettecento e l'Ottocento.$bEd. fuori commercio.$kAbduana tellus : corona di descrizioni antiche e moderne delterritorio comasco$gTomo2$w()130642 774 0 $tOttocento.$bEsemplare fuori commercio.$kAbduana tellus : corona di descrizioni antiche e moderne delterritorio comasco$gTomo2$w()130644 774 0 $tVedute a stampa del Lago di Como scelte ed ordinate.$bEsemplare fuori commercio.$kAbduana tellus : corona di descrizioni antiche e moderne delterritorio comasco$gTomo3$w()130645 774 0 $tVedute a stampa del Lago di Como scelte ed ordinate.$bEsemplare fuori commercio.$kAbduana tellus : corona di descrizioni antiche e moderne delterritorio comasco$gTomo4$w()130647 996 $6245$aLarius :$bla città ed il Lago di Como nelle descrizioni e nelle immagini dall'antichità classica all'età romantica$9(OLS)http://semarc/title/16406 996 $6260$aMilano :$bEdizioni Luigi Alfieri$9(OLS)http://semarc/publisher/33408